| 000 | 00522cam a2200217ua 4500 | ||
|---|---|---|---|
| 001 | 7871 | ||
| 005 | 20260515114250.0 | ||
| 008 | 141229n ii |||gr||||Z||||||hin | ||
| 020 | _a817178786X | ||
| 040 | _cMAIN | ||
| 041 | _ahin | ||
| 082 | _a891.432 | ||
| 100 |
_aNath, P., _eAuthor. |
||
| 245 | 1 |
_aParati parikatha _cBy Phanishwar Nath |
|
| 250 | _a1st. | ||
| 260 |
_aNew Delhi: _bRajkamal, _c1999. |
||
| 300 | _a393p. | ||
| 653 | _aEast Indo-European & Celtic literatures | ||
| 653 | _aHindi novels | ||
| 942 | _cBK | ||
| 999 |
_c6986 _d6986 |
||